| 000 | 01619nam a2200445 i 4500 | ||
|---|---|---|---|
| 001 | 30747 | ||
| 003 | KOSZ 005 | ||
| 005 | 20201106133141.0 | ||
| 008 | 970510s1993 pl a f |000 0 pol | ||
| 015 | _aUWD 1994/6412 | ||
| 020 | _a8390011069 | ||
| 035 | _a991000563139705066 | ||
| 035 | _a(PL-WaBN)b10192219-48omnis_nlop | ||
| 035 | _ab10192219 | ||
| 035 | _a(OCoLC)69587691 | ||
| 035 | _a(PL)b0000001019221 | ||
| 035 | _a(EXLNZ-48OMNIS_NETWORK)9910457358505606 | ||
| 040 |
_aWA N _cWA N _dKOSZ 005/EG |
||
| 046 | _k1993 | ||
| 080 | _a504 | ||
| 080 | _a(03) | ||
| 245 | 0 | 0 |
_aEncyklopedyczny słownik sozologiczny (ochrony środowiska) / _cred. nauk. Janusz Dziewański ; oprac. haseł Elżbieta Pietrzyk-Sokulska [et al.] ; Polska Akademia Nauk. Centrum Podstawowych Problemów Gospodarki Surowcami Mineralnymi i Energią. |
| 250 | _aWyd. 2 rozsz. i popr. | ||
| 260 |
_aKraków : _bWydaw. CPPGSMiE. PAN, _c1993. |
||
| 300 |
_a431, [1] s. : _bmapy, rys., wykr. ; _c22 cm. |
||
| 336 |
_aTekst _btxt _2rdacontent |
||
| 337 |
_aBez urządzenia pośredniczącego _bn _2rdamedia |
||
| 338 |
_aWolumin _bnc _2rdacarrier |
||
| 380 | _aKsiążki | ||
| 388 | _a1901-2000 | ||
| 388 | _a1989-2000 | ||
| 650 | 7 |
_aŚrodowisko człowieka _2DBN |
|
| 655 | 7 |
_aEncyklopedia _2DBN |
|
| 658 | _aGeografia i nauki o Ziemi | ||
| 700 | 1 |
_aDziewański, Janusz _d(1924-2004) _eRedakcja |
|
| 700 | 1 |
_aPietrzyk-Sokulska, Elżbieta _eAutor |
|
| 856 |
_uhttp://koha.tu.koszalin.pl/cgi-bin/koha/opac-detail.pl?biblionumber=30747 _yKatalog online BPK |
||
| 942 |
_2UKD _cKS |
||
| 999 |
_c30747 _d30747 |
||